New site-centred mapping and bespoke map service (Record no. 73457)

MARC details
000 -LEADER
fixed length control field 01121cam a2200205 4500
001 - CONTROL NUMBER
control field WB3936-13
008 - FIXED-LENGTH DATA ELEMENTS--GENERAL INFORMATION
fixed length control field 030925n2003 000 0 eng u
035 ## - SYSTEM CONTROL NUMBER
System control number (Sirsi) u123720
245 ## - TITLE STATEMENT
Title New site-centred mapping and bespoke map service
260 ## - PUBLICATION, DISTRIBUTION, ETC.
Date of publication, distribution, etc. 2003
490 ## - SERIES STATEMENT
Series statement RICS News Service
Volume/sequential designation 24 September 2003 (1)
520 ## - SUMMARY, ETC.
Summary, etc. RICS Books has launched a major new specialist mapping service for RICS members in conjunction with the Stationery Office (TSO). The Ordnance Survey "OS options" service provides site-centred mapping data and bespoke map prints, available online via the RICS Books website with RICS members receiving a special 5% discount off all orders. The new service offers detailed mapping services tailored to customer requirements. Further information is available at http://www.ricsbooks.com/osoptions/. http://www.rics.org/ricscms/bin/show?class=News&template=/includes/shownews.html&id=7066&faculty=RICS
590 ## - LOCAL NOTE (RLIN)
Local note WB
650 ## - SUBJECT ADDED ENTRY--TOPICAL TERM
Topical term or geographic name entry element OS OPTIONS
650 ## - SUBJECT ADDED ENTRY--TOPICAL TERM
Topical term or geographic name entry element ORDNANCE SURVEY
650 ## - SUBJECT ADDED ENTRY--TOPICAL TERM
Topical term or geographic name entry element SITE-CENTRED MAPPING
650 ## - SUBJECT ADDED ENTRY--TOPICAL TERM
Topical term or geographic name entry element BESPOKE MAPS
690 ## - LOCAL SUBJECT ADDED ENTRY--TOPICAL TERM (OCLC, RLIN)
Topical term or geographic name as entry element MAPPING AND MEASUREMENT
942 ## - ADDED ENTRY ELEMENTS (KOHA)
Suppress in OPAC 0
Holdings
Withdrawn status Lost status Source of classification or shelving scheme Damaged status Not for loan Home library Current library Shelving location Date acquired Total Checkouts Full call number Barcode Date last seen Copy number Price effective from Koha item type
    Dewey Decimal Classification     London London News article 25/09/2003   WB3936-13 123720-1001 06/08/2019 1 06/08/2019 News article